Biggest Cities in Angola on a Map - Statistics

General Stats
  • This quiz has been taken 485 times
  • The average score is 7 of 18
Answers on the Map
Answers color-coded by a green-red scale on the quiz's map according to % correct below.
 
Answer Stats
Population Province Answer % Correct
6,759,313 Luanda Luanda
100%
550,000 Cabinda Cabinda
77%
555,124 Benguela Benguela
68%
595,304 Huambo Huambo
62%
600,751 Huíla Lubango
53%
357,950 Lobito Lobito
40%
455,000 Malange Malanje
35%
322,531 Uige Uíge
30%
273,675 Moxico Luena
26%
393,000 Luanda Sul Saurimo
24%
355,423 Bié Kuito
23%
200,920 Zaire Soyo
22%
251,178 Cuando Cubango Menongue
21%
255,000 Namibe Moçâmedes
20%
161,584 Cuanza Norte N'dalatando
20%
205,832 Cuanza Sul Sumbe
20%
148,000 Zaire M'banza-Kongo
19%
177,604 Luanda Norte Dundo
18%
No matching quizzes found
Score Distribution
Percent of People with Each Score
Percentile by Number Answered
Your Score History
You have not taken this quiz